| 000 | 00505nam a2200169 i 4500 | ||
|---|---|---|---|
| 001 | 97663 | ||
| 003 | ES-MaACL | ||
| 007 | t| | ||
| 008 | 050715s1954 fr ||||1| fre d | ||
| 245 | 0 | 0 | _aMarie, salut de monde. |
| 260 |
_aParis : _bDesclée de Brouwer, _c1954. |
||
| 300 |
_a205 p., 3 lám. ; _c19 cm. |
||
| 490 | 1 |
_aTémoignages. Cahiers de la pierre-qui-vire ; _v45 |
|
| 830 | 0 |
_aTémoignages. Cahiers de la pierre-qui-vire ; _v45 _9183514 |
|
| 852 |
_aES-MaACL _jE-4889 |
||
| 999 |
_c97663 _d97663 |
||